Dictionary Of Money and Invesing/ (Record no. 36337)
[ view plain ]
| 000 -LEADER | |
|---|---|
| fixed length control field | 00540nam a22001937a 4500 |
| 005 - DATE AND TIME OF LATEST TRANSACTION | |
| control field | 20240808110320.0 |
| 008 - FIXED-LENGTH DATA ELEMENTS--GENERAL INFORMATION | |
| fixed length control field | 240808b |||||||| |||| 00| 0 eng d |
| 020 ## - INTERNATIONAL STANDARD BOOK NUMBER | |
| ISBN | 0-8050-6933-X |
| 082 ## - DEWEY DECIMAL CLASSIFICATION NUMBER | |
| Classification number | 332.03 |
| Item number | MOR-D |
| 100 ## - MAIN ENTRY--AUTHOR | |
| Author Name | Morgenson, Gretchen |
| 245 ## - TITLE STATEMENT | |
| Title | Dictionary Of Money and Invesing/ |
| Statement of responsibility, etc. | Gretchen Morgenson |
| 250 ## - EDITION STATEMENT | |
| Edition statement | 1st ed. |
| 260 ## - PUBLICATION, DISTRIBUTION, ETC. | |
| Place of Publication | New York; |
| Name of publisher, distributor, etc. | Times Books; |
| Date of publication, distribution, etc. | 2002 |
| 300 ## - PHYSICAL DESCRIPTION | |
| Pages | x, 382 p.: |
| 500 ## - GENERAL NOTE | |
| General note | Includes Appendix. |
| 650 ## - SUBJECT ADDED ENTRY--TOPICAL TERM | |
| Subject / Department | Social Sciences |
| 700 ## - ADDED ENTRY--PERSONAL NAME | |
| Personal name | Campbell R. Harvey |
| 300 ## - PHYSICAL DESCRIPTION | |
| -- | ill; |
| -- | 23.4 cm. |
| 952 ## - LOCATION AND ITEM INFORMATION (KOHA) | |
| -- | 0 |
| -- | 0 |
| 952 ## - LOCATION AND ITEM INFORMATION (KOHA) | |
| -- | 0 |
| -- | 0 |
| Lost status | Damaged status | Collection code | Permanent Location | Current Location | Shelving Location | Date acquired | Full Call Number | Accession No./Barcode | Date last seen | Copy number | item type | Koha item type |
|---|---|---|---|---|---|---|---|---|---|---|---|---|
| Economics/Commerce | Superior Information Resource Center (SIRC) Superior University - City Campus | Superior Information Resource Center (SIRC) Superior University - City Campus | Economics | 08/08/2024 | 332.03 MOR-D 2002 | 2332 | 08/08/2024 | 1 | BOOK | BOOK | ||
| Economics/Commerce | Superior Information Resource Center (SIRC) Superior University - City Campus | Superior Information Resource Center (SIRC) Superior University - City Campus | Economics | 08/08/2024 | 332.03 MOR-D 2002 | 4657 | 08/08/2024 | 2 | BOOK | BOOK |
